000 002180000a22000970004500
100 1 _aWillard, Dallas
245 1 0 _aLeaders, Christ and power
300 _aNúm 33 (1992), Páginas 11
773 0 _tTogether
942 _cANA
999 _c56361
_d56361